000 00764nam a22002897a 4500
001 0116
003 DO-SdBNP
005 20151112143538.0
007 0116
008 151005b1984 sp 00| 0 spa d
020 _a8431001585
040 _aBPMSU
_bspa
_cBPMSU
092 _aXXXX
_bXXXX
100 1 _aWerner, Lisbeth
240 1 0 _aPuk har fart pa - Puk og leoparden /
245 1 3 _aPuck obra bien /
_cLisbeth Werner ; traducción Josefina Dalmau ; ilustraciones R. Cortiella
250 _a7a. ed.
260 _aBarcelona :
_bToray,
_c1984.
300 _a144 p. :
_bil.
_c20 cm.
490 1 _aToray
_v5
700 1 2 _aCortiella, R.
_eil.
700 1 2 _aDalmau, Josefina
_etrad.
830 0 _aToray
_n5
910 _a202
942 _2ddc
_cBK
956 _aYngrid Lockward
999 _c8672
_d8672